Score 0/20 Timer 02:00
0 Plays Today
Song Missing Woman % Correct
___ in the Sky with DiamondsLucy
87.2%
Sweet ___Caroline
83.8%
Come on ___Eileen
69.3%
___ TuesdayRuby
68.9%
___'s MomStacy
67.1%
Jack and ___Diane
66.5%
Help Me, ___Rhonda
64.7%
Wake Up Little ___Susie
61.5%
Hey There ___Delilah
61.2%
___'s Got a GunJanie
57.2%
Song Missing Woman % Correct
___ Davis EyesBette
53.7%
Runaround ___Sue
52.8%
867-5309/___Jenny
52.3%
My ___Sharona
45.9%
Dirty ___Diana
42.6%
___'s SongAnnie
38.2%
___ Don't Lose that NumberRikki
31.1%
Walk Away ___Renée
18.5%
Darling ___Nikki
14.8%
Oh ___Sheila
5.8%

Today's Daily Dose

Remove Ads.
Support Sporcle.
Get the best of Sporcle when you Go Orange. This ad-free experience offers more features, more stats, and more fun while also helping to support Sporcle. Thank you for becoming a member.

You're not logged in!

Compare scores with friends on all Sporcle quizzes.
OR
Log In

Show Comments

Extras

Top Quizzes Today


Score Distribution

Your Account Isn't Verified!

In order to create a playlist on Sporcle, you need to verify the email address you used during registration. Go to your Sporcle Settings to finish the process.

Report this User

Report this user for behavior that violates our Community Guidelines.

Details: